Психология личности: рабочая тетрадь

التفاصيل البيبلوغرافية
المؤلف الرئيسي: Козлова Н. В. Наталья Викторовна
مؤلف مشترك: Томский политехнический университет (ТПУ)
الملخص:Заглавие с титульного экрана
Электронная версия печатной публикации
Содержание рабочей тетради помогает слушателям освоению курса в контексте создания образовательных условий, отвечающих новым требованиям изменения содержания, характера и направленности профессиональной под-готовки, где процесс приобретения профессиональных знаний преломляется через личностную, ценностно-смысловую сферу субъектов образовательного процесса в вузе
Режим доступа: из корпоративной сети ТПУ
اللغة:الروسية
منشور في: Томск, Изд-во ТПУ, 2008
الموضوعات:
الوصول للمادة أونلاين:http://www.lib.tpu.ru/fulltext2/m/2009/m126.pdf
التنسيق: MixedMaterials الكتروني كتاب
KOHA link:https://koha.lib.tpu.ru/cgi-bin/koha/opac-detail.pl?biblionumber=171786

MARC

LEADER 00000nlm0a2200000 4500
001 171786
005 20231101223001.0
035 |a (RuTPU)RU\TPU\book\186258 
090 |a 171786 
100 |a 20091208d2008 m y0rusy50 ca 
101 0 |a rus 
102 |a RU 
105 |a y j 000zy 
135 |a vrcn ---uucaa 
181 0 |a i  
182 0 |a b 
200 1 |a Психология личности  |b Электронный ресурс  |e рабочая тетрадь  |f Н. В. Козлова  |g Томский политехнический университет (ТПУ) 
203 |a Текст  |c электронный 
210 |a Томск  |c Изд-во ТПУ  |d 2008 
230 |a 1 компьютерный файл (pdf; 477 KB) 
300 |a Заглавие с титульного экрана 
300 |a Электронная версия печатной публикации 
330 |a Содержание рабочей тетради помогает слушателям освоению курса в контексте создания образовательных условий, отвечающих новым требованиям изменения содержания, характера и направленности профессиональной под-готовки, где процесс приобретения профессиональных знаний преломляется через личностную, ценностно-смысловую сферу субъектов образовательного процесса в вузе 
333 |a Режим доступа: из корпоративной сети ТПУ 
337 |a Adobe Reader 
606 1 |a Личность  |x Психология  |x Типы  |x Психологическая диагностика  |2 stltpush  |3 (RuTPU)RU\TPU\subj\40532  |9 60378 
610 1 |a личность 
610 1 |a способности 
610 1 |a психология 
610 1 |a труды учёных ТПУ 
610 1 |a электронный ресурс 
686 |a Ю937  |v LBC/SL-A  |2 rubbk 
700 1 |a Козлова  |b Н. В.  |g Наталья Викторовна 
712 0 2 |a Томский политехнический университет (ТПУ)  |c (1991- )  |2 stltpush  |3 (RuTPU)RU\TPU\col\376 
801 2 |a RU  |b 63413507  |c 20100126  |g RCR 
856 4 |u http://www.lib.tpu.ru/fulltext2/m/2009/m126.pdf 
942 |c CF